Szybcy Milionerzy - Wersja Eurowizja - Statystyki

Ogólne statystyki
  • Ten quiz został rozwiązany 768 razy
  • Średni wynik to 4 z 12
Statystyki odpowiedzi
Zagadnienie Odpowiedź % Poprawnych
Kto wygrał 1 Eurowizję? Szwajcaria
83%
Kto pierwotnie miał prowadzić Eurowizje 2019? Jerozolima
75%
Ile państw zrezygnowało z Junior Eurovision 2020? 7
50%
Z jakiego państwa pochodzi Ksenia Sitnik? Białoruś
50%
W której edycji wprowadzono wielką 5? 2011
45%
Kto był gościem specjalnym Junior Eurowizji 2005? Maria Isabel
45%
Które państwo uważa JESC za największe zło? Dania
40%
Wybierz zestaw, w którym prawidłowo wymieniono miasta, które nigdy nie "hostowały" ESC: Liege, Belfast
30%
Zaznacz prawidłowe nazwisko osoby, która prowadziła by Eurowizje 2020 Smit
19%
Ile na swoim koncie ma zwycięstw Irlandia? 6
7%
Jakie państwo ma największą szanse na debiut/powrót w ESC? Andorra
5%
Kto startował w rywalizacji o bycie hostem Eurowizji 2020 oprócz Rotterdamu? Maastricht, Hertogenbosch
1%
Nie znaleziono quizów pasujących do podanych kryteriów
Rozkład punktacji
Procent ludzi z każdym wynikiem
Percentyl według liczby udzielonych odpowiedzi
Twoja historia wyników
Nie rozwiązałeś tego quizu